000
00318nam a2200121Ia 4500
008
230627s9999 xx 000 0 und d
041
_a
mar
082
_a
345.025 23
_b
DAS
100
_a
Das P. K.
245
_a
Famous Murder Trials
260
_a
Delhi
_b
Universal Law Publishing Co. Pvt. Ltd.
_c
2007
300
_a
XII+429p
999
_c
695237
_d
695237